| 000 | 00845nam a2200241 a 4500 | ||
|---|---|---|---|
| 003 | DO-SdBNP | ||
| 005 | 20260414130834.0 | ||
| 007 | ta | ||
| 008 | 220126e1997 dr ac||er|||| 001 fbspa d | ||
| 040 |
_aDO-SdBNP _bspa _cBNPHU |
||
| 082 | 4 |
_222 _bM971P |
|
| 100 | 1 |
_925658 _aMuñoz Marte, Emilio Antonio, _d1927- |
|
| 245 | 1 | 0 |
_aPapolo "El Adonis" de Quisqueya: _b(biografía novelada) 1973-1994 / _cEmilio Antonio Muñoz Marte |
| 260 |
_aSanto Domingo : _bAlfa y Omega, _c1997. |
||
| 300 |
_a54 p. : _bil., retr. ; _c21 cm. |
||
| 500 | _aIncluye datos biográficos del autor en la contracubierta. | ||
| 590 | _aInventariado 2022 / MF | ||
| 650 | 0 |
_aBiografía _zRepública Dominicana _94997 |
|
| 650 | 0 |
_aNovela dominicana _zRepública Dominicana _9223 |
|
| 650 | 0 |
_923864 _aNovela Dominicana _xBiografía |
|
| 910 | _aMFeliz | ||
| 942 |
_2ddc _cLBS1 |
||
| 999 |
_c51233 _d51233 |
||